[Event "Oberliga Ost B"]
[Site "?"]
[Date "2023.02.25"]
[Round "8.5"]
[White "Kirchner, Markus"]
[Black "Minor, Samuel"]
[Result "1/2-1/2"]
[WhiteElo "2141"]
[BlackElo "2171"]
[PlyCount "33"]
[EventDate "2022.09.18"]
[EventType "team-tourn"]
[EventCountry "GER"]
[WhiteTeam "Schoeneck SF"]
[BlackTeam "Wiesbadener SV"]
[WhiteTeamCountry "GER"]
[BlackTeamCountry "GER"]

1. e4 e6 2. d4 d5 3. Nd2 c5 4. exd5 Qxd5 5. Ngf3 cxd4 6. Bc4 Qd6 7. O-O Nf6 8. Nb3 Nc6 9. Nbxd4 Nxd4 10. Nxd4 a6 11. Re1 Qc7 12. Bb3 Bd6 13. Nf5 Bxh2+ 14. Kh1 O-O 15. Nxg7 Rd8 16. Qf3 Kxg7 17. Bh6+ 1/2-1/2

[Event "Oberliga Ost B"]
[Site "?"]
[Date "2023.02.25"]
[Round "8.6"]
[White "Tuzi, Bruna"]
[Black "Weiss, Matthias"]
[Result "1/2-1/2"]
[WhiteElo "2025"]
[BlackElo "1980"]
[PlyCount "118"]
[EventDate "2022.09.18"]
[EventType "team-tourn"]
[EventCountry "GER"]
[WhiteTeam "Wiesbadener SV"]
[BlackTeam "Schoeneck SF"]
[WhiteTeamCountry "GER"]
[BlackTeamCountry "GER"]

1. e4 c5 2. Nf3 e6 3. g3 d5 4. exd5 exd5 5. d4 Nf6 6. Bg2 Nc6 7. O-O cxd4 8. Nxd4 Be7 9. Re1 O-O 10. Nxc6 bxc6 11. c4 Be6 12. cxd5 Nxd5 13. Qc2 Rc8 14. Nc3 Nxc3 15. Qxc3 Bf6 16. Qc2 Bd5 17. Be3 Bxg2 18. Kxg2 Qd5+ 19. Kg1 Rb8 20. Red1 Rxb2 21. Qxb2 Bxb2 22. Rxd5 cxd5 23. Rb1 d4 24. Rxb2 dxe3 25. fxe3 g6 26. Rb7 Ra8 27. a4 a5 28. Kf2 Ra6 29. h4 h5 30. Kf3 Kg7 31. Rb5 Kf6 32. Kf4 Kg7 33. e4 Rf6+ 34. Ke3 Ra6 35. Kd4 Rd6+ 36. Rd5 Rf6 37. Ke3 Ra6 38. Rb5 Ra7 39. Kd4 Rd7+ 40. Kc4 Rd1 41. Rb3 Re1 42. Kb5 Rxe4 43. Kxa5 f6 44. Kb5 g5 45. hxg5 fxg5 46. a5 h4 47. gxh4 gxh4 48. Ra3 Kf6 49. a6 Re8 50. a7 Ra8 51. Kb6 Kg5 52. Kb7 Rxa7+ 53. Rxa7 Kg4 54. Kc6 h3 55. Kd5 Kf3 56. Rf7+ Kg2 57. Rg7+ Kf3 58. Rh7 Kg2 59. Rg7+ Kf3 1/2-1/2

[Event "Oberliga Ost B"]
[Site "?"]
[Date "2023.02.25"]
[Round "8.8"]
[White "Li, Maxim"]
[Black "Tiggemann, Felix"]
[Result "1-0"]
[WhiteElo "2027"]
[BlackElo "1511"]
[PlyCount "69"]
[EventDate "2022.09.18"]
[EventType "team-tourn"]
[EventCountry "GER"]
[WhiteTeam "Wiesbadener SV"]
[BlackTeam "Schoeneck SF"]
[WhiteTeamCountry "GER"]
[BlackTeamCountry "GER"]

1. e4 e6 2. d4 d5 3. e5 c5 4. c3 Nc6 5. Nf3 Qb6 6. Bd3 Bd7 7. dxc5 Bxc5 8. O-O a5 9. Nbd2 Nge7 10. Nb3 Ng6 11. Nxc5 Qxc5 12. Re1 O-O 13. h4 a4 14. h5 Nge7 15. h6 f5 16. hxg7 Kxg7 17. Be3 Qa5 18. Nh4 Be8 19. Qf3 Ng6 20. Nxg6 Bxg6 21. Bg5 Kf7 22. Rad1 b5 23. Re3 b4 24. Bf6 Rfc8 25. Qh3 bxc3 26. bxc3 Qxc3 27. Qh6 Qc5 28. Rg3 Qf8 29. Qh4 Qb4 30. f4 Nd4 31. Rxg6 hxg6 32. Rb1 Qf8 33. Qh7+ Ke8 34. Rb7 Rc1+ 35. Kh2 1-0

[Event "Oberliga Ost B"]
[Site "?"]
[Date "2023.02.26"]
[Round "9.1"]
[White "Petrovskyi, Vadym"]
[Black "Siebarth, Raiko"]
[Result "1-0"]
[WhiteElo "2416"]
[BlackElo "2319"]
[PlyCount "69"]
[EventDate "2022.09.18"]
[EventType "team-tourn"]
[EventCountry "GER"]
[WhiteTeam "Emstal Bad Wolfhagen SF"]
[BlackTeam "Stadtilm SG BW"]
[WhiteTeamCountry "GER"]
[BlackTeamCountry "GER"]

1. e4 c5 2. Nf3 e6 3. d4 cxd4 4. Nxd4 Nc6 5. Nxc6 bxc6 6. Bd3 Nf6 7. O-O d5 8. Qe2 Qc7 9. c4 Bb7 10. cxd5 cxd5 11. Nc3 Be7 12. Bb5+ Kf8 13. exd5 Nxd5 14. Nxd5 Bxd5 15. Be3 Bf6 16. Rac1 Qb7 17. Rfd1 g5 18. Rxd5 Qxd5 19. Bc6 Qd8 20. Bxa8 Qxa8 21. Qh5 h6 22. Rc7 Rh7 23. Rxa7 Qe4 24. h3 Bxb2 25. Qg4 Qb1+ 26. Kh2 Be5+ 27. g3 Qd3 28. a4 Rg7 29. Ra8+ Ke7 30. a5 Kf6 31. a6 Kg6 32. Qa4 h5 33. a7 h4 34. Rd8 Bxg3+ 35. Kg2 1-0

[Event "Oberliga Ost B"]
[Site "?"]
[Date "2023.02.26"]
[Round "9.2"]
[White "Mueller, Magnus"]
[Black "Prokofiev, Valentyn"]
[Result "1/2-1/2"]
[WhiteElo "2171"]
[BlackElo "2307"]
[PlyCount "54"]
[EventDate "2022.09.18"]
[EventType "team-tourn"]
[EventCountry "GER"]
[WhiteTeam "Stadtilm SG BW"]
[BlackTeam "Emstal Bad Wolfhagen SF"]
[WhiteTeamCountry "GER"]
[BlackTeamCountry "GER"]

1. e4 c5 2. c3 Nf6 3. e5 Nd5 4. Nf3 e6 5. d4 cxd4 6. cxd4 d6 7. Bc4 Be7 8. O-O O-O 9. Qe2 b6 10. Rd1 Bb7 11. Bxd5 exd5 12. Nc3 Na6 13. Bf4 Nc7 14. exd6 Bxd6 15. Bxd6 Qxd6 16. Re1 Rae8 17. Qd2 Ne6 18. Re3 Qf4 19. Ne2 Qd6 20. Nc3 f6 21. Rae1 Bc6 22. Qc2 Bd7 23. Qb3 Nc7 24. Ne4 Qe6 25. Nc3 Qd6 26. Ne4 Qe6 27. Nc3 Qd6 1/2-1/2

[Event "Oberliga Ost B"]
[Site "?"]
[Date "2023.02.26"]
[Round "9.3"]
[White "Kersten, Uwe"]
[Black "Schneider, Christian"]
[Result "0-1"]
[WhiteElo "2239"]
[BlackElo "2231"]
[PlyCount "98"]
[EventDate "2022.09.18"]
[EventType "team-tourn"]
[EventCountry "GER"]
[WhiteTeam "Emstal Bad Wolfhagen SF"]
[BlackTeam "Stadtilm SG BW"]
[WhiteTeamCountry "GER"]
[BlackTeamCountry "GER"]

1. e4 c6 2. d4 d5 3. Nd2 dxe4 4. Nxe4 Nd7 5. Ng5 Ngf6 6. Bd3 e6 7. N1f3 h6 8. Nxe6 Qe7 9. O-O fxe6 10. Bg6+ Kd8 11. Bf4 b5 12. Re1 Bb7 13. a4 Nd5 14. Bg3 Kc8 15. Bf5 exf5 16. Rxe7 Bxe7 17. Qe2 Bf6 18. Bd6 Nc7 19. Qd3 g6 20. h4 h5 21. Re1 Re8 22. Rxe8+ Nxe8 23. Bg3 Kd8 24. Qe3 Nf8 25. Be5 Be7 26. Qb3 a6 27. Qc3 Ne6 28. Qb3 Kd7 29. c4 Nd6 30. c5 Nc4 31. Qc2 Rg8 32. b3 Nxe5 33. Nxe5+ Kc7 34. Qd2 Bf6 35. Qe3 Bc8 36. axb5 axb5 37. Nf3 Rd8 38. Qh6 Nxd4 39. Ng5 Ne2+ 40. Kh2 Be5+ 41. g3 f4 42. gxf4 Bxf4+ 43. Kg2 Bf5 44. Qg7+ Rd7 45. Qa1 Kb7 46. Qe1 Re7 47. Qa1 Bc7 48. b4 Nf4+ 49. Kg1 Nd3 0-1

[Event "Oberliga Ost B"]
[Site "?"]
[Date "2023.02.26"]
[Round "9.4"]
[White "Siebarth, Marco"]
[Black "Dovzik, Juri"]
[Result "1/2-1/2"]
[WhiteElo "2084"]
[BlackElo "2258"]
[PlyCount "34"]
[EventDate "2022.09.18"]
[EventType "team-tourn"]
[EventCountry "GER"]
[WhiteTeam "Stadtilm SG BW"]
[BlackTeam "Emstal Bad Wolfhagen SF"]
[WhiteTeamCountry "GER"]
[BlackTeamCountry "GER"]

1. e4 c5 2. Nf3 e6 3. d4 cxd4 4. Nxd4 Nc6 5. Nxc6 bxc6 6. Bd3 d5 7. O-O Nf6 8. Qe2 dxe4 9. Bxe4 Nxe4 10. Qxe4 Qd5 11. Qe2 Bd6 12. Bd2 O-O 13. Bc3 Qf5 14. Rd1 Be7 15. Bd4 c5 16. Bc3 a5 17. a4 Ba6 1/2-1/2

[Event "Oberliga Ost B"]
[Site "?"]
[Date "2023.02.26"]
[Round "9.5"]
[White "Cherny, Andrey"]
[Black "Mehlhorn, Uwe"]
[Result "1-0"]
[WhiteElo "2176"]
[BlackElo "2021"]
[PlyCount "59"]
[EventDate "2022.09.18"]
[EventType "team-tourn"]
[EventCountry "GER"]
[WhiteTeam "Emstal Bad Wolfhagen SF"]
[BlackTeam "Stadtilm SG BW"]
[WhiteTeamCountry "GER"]
[BlackTeamCountry "GER"]

1. Nf3 Nf6 2. g3 b5 3. d3 Bb7 4. e4 d6 5. Bg2 Nbd7 6. O-O e5 7. Nh4 Rb8 8. Be3 a6 9. Qe2 g6 10. Nd2 Bg7 11. b4 O-O 12. Nb3 Nb6 13. c4 Na4 14. f3 Nd7 15. Bh3 c6 16. Rfc1 Ba8 17. Qd2 Rc8 18. d4 Nab6 19. cxb5 cxb5 20. Na5 Nc4 21. Nxc4 Rxc4 22. Rxc4 bxc4 23. d5 Qc7 24. Qc3 Nb6 25. Rd1 Rb8 26. Qa3 c3 27. Rc1 Bxd5 28. Rxc3 Bc4 29. Qa5 Qb7 30. Qxb6 1-0

[Event "Oberliga Ost B"]
[Site "?"]
[Date "2023.02.26"]
[Round "9.6"]
[White "Neubauer, Andreas"]
[Black "Warnecke, Tobias"]
[Result "0-1"]
[WhiteElo "2159"]
[BlackElo "2164"]
[PlyCount "100"]
[EventDate "2022.09.18"]
[EventType "team-tourn"]
[EventCountry "GER"]
[WhiteTeam "Stadtilm SG BW"]
[BlackTeam "Emstal Bad Wolfhagen SF"]
[WhiteTeamCountry "GER"]
[BlackTeamCountry "GER"]

1. c4 Nf6 2. Nc3 c5 3. e3 g6 4. Nf3 Bg7 5. Be2 O-O 6. O-O Nc6 7. b3 e5 8. Bb2 d5 9. cxd5 Nxd5 10. Ne4 b6 11. d3 f5 12. Ned2 e4 13. Bxg7 exf3 14. Bxf8 fxe2 15. Qxe2 Qxf8 16. Rac1 Bb7 17. Nf3 Qe7 18. d4 Nxd4 19. Nxd4 cxd4 20. Qc4 dxe3 21. Rfe1 Qe4 22. Qxe4 fxe4 23. fxe3 Ba6 24. a3 Rf8 25. h3 Bd3 26. Rc6 Rf7 27. Rd6 Ne7 28. Rd7 Nf5 29. Rxf7 Kxf7 30. Kf2 Ke6 31. Rc1 Kd7 32. Rc3 Ne7 33. Rc1 Nd5 34. h4 h5 35. Rg1 Nf6 36. Kg3 Ke6 37. Rc1 Ng4 38. Kf4 Kd7 39. Re1 Bc2 40. Kg5 Ne5 41. b4 Kd6 42. Rc1 Bd3 43. a4 a6 44. Kf6 Kd5 45. Re1 b5 46. axb5 axb5 47. g3 Kd6 48. Kg7 Ke6 49. Ra1 Kf5 50. Ra6 g5 0-1

[Event "Oberliga Ost B"]
[Site "?"]
[Date "2023.02.26"]
[Round "9.7"]
[White "Kvak, Robert"]
[Black "Schmidt, Daniel"]
[Result "1-0"]
[WhiteElo "2170"]
[BlackElo "1928"]
[PlyCount "93"]
[EventDate "2022.09.18"]
[EventType "team-tourn"]
[EventCountry "GER"]
[WhiteTeam "Emstal Bad Wolfhagen SF"]
[BlackTeam "Stadtilm SG BW"]
[WhiteTeamCountry "GER"]
[BlackTeamCountry "GER"]

1. e4 c5 2. Nf3 d6 3. c3 Nf6 4. h3 Nc6 5. Bd3 g6 6. O-O Bg7 7. Bc2 O-O 8. d4 Nd7 9. Be3 Qb6 10. b3 cxd4 11. cxd4 Nb4 12. Nc3 Qc6 13. Qd2 Nxc2 14. Qxc2 Nb6 15. Rac1 Bd7 16. Qd2 Qc7 17. Ne2 Qd8 18. a4 d5 19. e5 Rc8 20. Qa5 Bc6 21. Nf4 a6 22. h4 Na8 23. Qd2 e6 24. Nd3 b6 25. Bg5 Qd7 26. Bf6 Nc7 27. h5 Ne8 28. Bxg7 Kxg7 29. h6+ Kg8 30. a5 bxa5 31. Qxa5 Nc7 32. Nc5 Qd8 33. Nxa6 Nxa6 34. Qxa6 Qd7 35. Qa5 Qb7 36. Qd2 Rfe8 37. Qg5 Qe7 38. Rc5 Qxg5 39. Nxg5 Bd7 40. Rxc8 Rxc8 41. Ra1 Be8 42. Ra7 Rb8 43. b4 Rxb4 44. Ra8 Kf8 45. Nxh7+ Ke7 46. Ra7+ Kd8 47. Nf6 1-0

[Event "Oberliga Ost B"]
[Site "?"]
[Date "2023.02.26"]
[Round "9.8"]
[White "Cress, Bastian"]
[Black "Borsos, Bogdan"]
[Result "1/2-1/2"]
[WhiteElo "1629"]
[BlackElo "2156"]
[PlyCount "76"]
[EventDate "2022.09.18"]
[EventType "team-tourn"]
[EventCountry "GER"]
[WhiteTeam "Stadtilm SG BW"]
[BlackTeam "Emstal Bad Wolfhagen SF"]
[WhiteTeamCountry "GER"]
[BlackTeamCountry "GER"]

1. e4 c5 2. Nc3 Nc6 3. Nge2 g6 4. g3 Bg7 5. Bg2 e6 6. d3 Nge7 7. h4 h5 8. Bg5 d6 9. Qd2 Qa5 10. O-O Bd7 11. a3 a6 12. Rab1 Qc7 13. Rfe1 Rc8 14. Na2 O-O 15. Bh6 e5 16. Rf1 Nd4 17. Bxg7 Nxe2+ 18. Qxe2 Kxg7 19. Qd2 f6 20. Nc3 b5 21. Ne2 Rf7 22. Kh2 Ng8 23. Nc3 Ne7 24. Ne2 Rcf8 25. f4 Bg4 26. Bf3 Qd7 27. Qe3 Ng8 28. Nc3 Nh6 29. Nd5 Be6 30. Qe2 Bxd5 31. exd5 exf4 32. gxf4 f5 33. Rbe1 Qd8 34. Kg3 Ng8 35. Qd2 Qf6 36. b3 Re7 37. Qa5 Rfe8 38. Rxe7+ Rxe7 1/2-1/2

[Event "Oberliga Ost B"]
[Site "?"]
[Date "2023.02.26"]
[Round "9.1"]
[White "Teske, Henrik"]
[Black "Philipp, Mathias"]
[Result "1-0"]
[WhiteElo "2465"]
[BlackElo "2172"]
[PlyCount "147"]
[EventDate "2022.09.18"]
[EventType "team-tourn"]
[EventCountry "GER"]
[WhiteTeam "Erfurt SV Empor"]
[BlackTeam "Weimar SV Vimaria"]
[WhiteTeamCountry "GER"]
[BlackTeamCountry "GER"]

1. d4 f5 2. Nf3 Nf6 3. Bf4 e6 4. e3 b6 5. Bd3 Bb7 6. Nbd2 Be7 7. h3 Ne4 8. Qe2 Nxd2 9. Nxd2 Nc6 10. c3 d6 11. d5 exd5 12. Bxf5 g6 13. Be6 Ne5 14. Nf3 Bf6 15. O-O-O Qe7 16. Bxd5 Bxd5 17. Rxd5 Nxf3 18. gxf3 O-O 19. h4 Bxh4 20. Qc4 Rf7 21. Bxd6 cxd6 22. Rxh4 Qe6 23. Re4 Qh3 24. f4 Rc8 25. Qd3 Rd8 26. Red4 Qf3 27. Qc2 Rf6 28. Rg5 Kf7 29. Rg3 Qh1+ 30. Rd1 Qh2 31. Qe2 Ke7 32. Qf3 Qh6 33. Qe4+ Re6 34. Qd5 Qf8 35. Rh1 Qf7 36. Rh6 Rf6 37. Qxf7+ Rxf7 38. Rgh3 Rh8 39. Rxg6 hxg6 40. Rxh8 g5 41. Ra8 Ke6 42. Re8+ Kd5 43. fxg5 Rxf2 44. g6 Rg2 45. e4+ Kc4 46. Re6 d5 47. exd5 Kxd5 48. Rf6 Ke4 49. Rf7 a5 50. g7 a4 51. Kd1 Ke3 52. Re7+ Kd3 53. Rd7+ Ke3 54. c4 Ke4 55. b4 axb3 56. axb3 Ke5 57. Kc1 Ke6 58. Rb7 Kd6 59. Rxb6+ Kc7 60. Rf6 Rxg7 61. Kb2 Rg3 62. Ka3 Rh3 63. Ka4 Kb7 64. b4 Rh5 65. c5 Rg5 66. Kb5 Rg7 67. Rh6 Rf7 68. Ka5 Rf5 69. Rh7+ Kc6 70. Ka6 Rf6 71. Rb7 Rf1 72. b5+ Kxc5 73. Rc7+ Kd6 74. b6 1-0

[Event "Oberliga Ost B"]
[Site "?"]
[Date "2023.02.26"]
[Round "9.2"]
[White "Aepfler, Christian"]
[Black "Langheinrich, Ferenc"]
[Result "1/2-1/2"]
[WhiteElo "2144"]
[BlackElo "2381"]
[PlyCount "88"]
[EventDate "2022.09.18"]
[EventType "team-tourn"]
[EventCountry "GER"]
[WhiteTeam "Weimar SV Vimaria"]
[BlackTeam "Erfurt SV Empor"]
[WhiteTeamCountry "GER"]
[BlackTeamCountry "GER"]

1. e4 g6 2. d4 Bg7 3. Nc3 d6 4. Be3 a6 5. a4 b6 6. Qd2 Bb7 7. f3 Nd7 8. h4 h5 9. Nh3 e6 10. Ng5 Qe7 11. Be2 Ngf6 12. g4 c6 13. Bf2 hxg4 14. fxg4 b5 15. a5 c5 16. Bf3 cxd4 17. Bxd4 Ne5 18. Bxe5 dxe5 19. O-O-O Bf8 20. Kb1 Qc7 21. Na2 Rc8 22. Nc1 Be7 23. Nb3 Nd7 24. Qxd7+ Qxd7 25. Rxd7 Kxd7 26. Nxf7 Rhf8 27. Nxe5+ Kc7 28. Nd4 Rg8 29. Nd3 e5 30. Ne6+ Kd6 31. Ng5 Rgf8 32. Rd1 Bxg5 33. hxg5 Ke6 34. Bg2 Rh8 35. b4 Rh2 36. Bf3 Rhxc2 37. Nc5+ R2xc5 38. bxc5 Rxc5 39. Rh1 Rc3 40. Rh7 Bc6 41. Bd1 Bxe4+ 42. Kb2 Rd3 43. Bb3+ Bd5 44. Bc2 Rd4 1/2-1/2

[Event "Oberliga Ost B"]
[Site "?"]
[Date "2023.02.26"]
[Round "9.3"]
[White "Reucker, Friedrich"]
[Black "Mysliwiec, Joerg"]
[Result "1/2-1/2"]
[WhiteElo "1973"]
[BlackElo "2106"]
[PlyCount "29"]
[EventDate "2022.09.18"]
[EventType "team-tourn"]
[EventCountry "GER"]
[WhiteTeam "Erfurt SV Empor"]
[BlackTeam "Weimar SV Vimaria"]
[WhiteTeamCountry "GER"]
[BlackTeamCountry "GER"]

1. Nf3 Nf6 2. c4 e6 3. g3 d5 4. Bg2 Be7 5. O-O O-O 6. Qc2 c5 7. d4 cxd4 8. Nxd4 Nc6 9. Nxc6 bxc6 10. Rd1 Ba6 11. b3 Rc8 12. Nc3 Qc7 13. Bb2 Qb8 14. Rab1 Rfd8 15. e3 1/2-1/2

[Event "Oberliga Ost B"]
[Site "?"]
[Date "2023.02.26"]
[Round "9.4"]
[White "Bock, Marlon"]
[Black "Michalowski, Peter"]
[Result "1-0"]
[WhiteElo "1908"]
[BlackElo "2087"]
[PlyCount "67"]
[EventDate "2022.09.18"]
[EventType "team-tourn"]
[EventCountry "GER"]
[WhiteTeam "Weimar SV Vimaria"]
[BlackTeam "Erfurt SV Empor"]
[WhiteTeamCountry "GER"]
[BlackTeamCountry "GER"]

1. d4 Nf6 2. Nf3 d5 3. e3 c5 4. b3 Nc6 5. Bb2 Bg4 6. Nbd2 cxd4 7. exd4 e6 8. Be2 Bd6 9. O-O O-O 10. h3 Bh5 11. Ne5 Bxe2 12. Qxe2 Qb6 13. Nxc6 Qxc6 14. Rac1 Bf4 15. g3 Bxd2 16. Qxd2 Ne4 17. Qe3 f5 18. f4 Rf6 19. Rf3 Kf7 20. c4 Qd6 21. Rc2 Rg8 22. Qc1 g5 23. cxd5 Qxd5 24. Rc7+ Kg6 25. Kh2 g4 26. hxg4 fxg4 27. Re3 Qh5+ 28. Kg1 Nd6 29. d5 Qxd5 30. Bxf6 Kxf6 31. Qc3+ Kg6 32. Rd3 Nb5 33. Rxd5 Nxc3 34. Rg5+ 1-0

[Event "Oberliga Ost B"]
[Site "?"]
[Date "2023.02.26"]
[Round "9.6"]
[White "Riedel, Finn"]
[Black "Rempel, Patrick"]
[Result "0-1"]
[WhiteElo "2138"]
[BlackElo "2028"]
[PlyCount "72"]
[EventDate "2022.09.18"]
[EventType "team-tourn"]
[EventCountry "GER"]
[WhiteTeam "Weimar SV Vimaria"]
[BlackTeam "Erfurt SV Empor"]
[WhiteTeamCountry "GER"]
[BlackTeamCountry "GER"]

1. d4 Nf6 2. c4 g6 3. g3 Bg7 4. Bg2 d6 5. Nf3 O-O 6. Nc3 a6 7. O-O Nc6 8. e4 Rb8 9. d5 Na5 10. Qe2 c5 11. Re1 b5 12. cxb5 axb5 13. Nxb5 Ba6 14. a4 Nb3 15. Ra3 Nxc1 16. Rxc1 Qa5 17. Nd2 Nd7 18. Bf1 Qb4 19. Rc2 Nb6 20. Qe3 Nxa4 21. Rb3 Qa5 22. Nc4 Qd8 23. Nca3 Qd7 24. h4 Rb6 25. Qd2 Ra8 26. Kh2 h5 27. Qf4 Be5 28. Qg5 Rab8 29. Bh3 Qd8 30. Be6 Kg7 31. Nc4 Bf6 32. Qf4 Rxb5 33. Rf3 fxe6 34. e5 dxe5 35. Nxe5 Rb4 36. Qe3 Qxd5 0-1

[Event "Oberliga Ost B"]
[Site "?"]
[Date "2023.02.26"]
[Round "9.7"]
[White "Nicolai, Tim"]
[Black "Albrecht, Juergen"]
[Result "1-0"]
[WhiteElo "2039"]
[BlackElo "2114"]
[PlyCount "65"]
[EventDate "2022.09.18"]
[EventType "team-tourn"]
[EventCountry "GER"]
[WhiteTeam "Erfurt SV Empor"]
[BlackTeam "Weimar SV Vimaria"]
[WhiteTeamCountry "GER"]
[BlackTeamCountry "GER"]

1. e4 c5 2. Nc3 Nc6 3. Bb5 Nd4 4. Nf3 a6 5. Bd3 e6 6. O-O Ne7 7. Nxd4 cxd4 8. Ne2 Nc6 9. c3 dxc3 10. bxc3 Be7 11. Bc2 O-O 12. d4 d6 13. a4 Qc7 14. Qd3 e5 15. Rb1 b5 16. f4 Bd7 17. Ba3 f6 18. Kh1 Kh8 19. Rfd1 Bg4 20. h3 Bxe2 21. Qxe2 bxa4 22. Bxa4 Na5 23. Qd3 Nc4 24. Bc1 Rac8 25. Bb3 exf4 26. Bxf4 Rfe8 27. Rdc1 Bf8 28. Ra1 g5 29. Bg3 Na5 30. Bd5 Rb8 31. Rf1 Kg7 32. e5 dxe5 33. dxe5 1-0

[Event "Oberliga Ost B"]
[Site "?"]
[Date "2023.02.26"]
[Round "9.1"]
[White "Hebbering, Tom Elliot"]
[Black "Poetsch, Hagen"]
[Result "0-1"]
[WhiteElo "2215"]
[BlackElo "2489"]
[PlyCount "58"]
[EventDate "2022.09.18"]
[EventType "team-tourn"]
[EventCountry "GER"]
[WhiteTeam "Gernsheim SK"]
[BlackTeam "Heusenstamm SC"]
[WhiteTeamCountry "GER"]
[BlackTeamCountry "GER"]

1. d4 Nf6 2. c4 e6 3. g3 c5 4. d5 exd5 5. cxd5 d6 6. Nc3 g6 7. Bg2 Bg7 8. Nf3 O-O 9. O-O Re8 10. Bf4 h6 11. Re1 Bf5 12. Nh4 Bc8 13. Nf3 Bf5 14. Nh4 Be4 15. Bxe4 Nxe4 16. Nxe4 Rxe4 17. Nf3 Na6 18. a3 Bxb2 19. Bxh6 Qe7 20. Ra2 Bf6 21. Nd2 Rd4 22. e4 b5 23. Be3 Ra4 24. h4 c4 25. e5 Bxe5 26. Bd4 Nb4 27. axb4 Rxa2 28. Bc3 a5 29. f4 Qa7+ 0-1

[Event "Oberliga Ost B"]
[Site "?"]
[Date "2023.02.26"]
[Round "9.2"]
[White "Zuyev, Igor"]
[Black "Dietz, Holger"]
[Result "1-0"]
[WhiteElo "2453"]
[BlackElo "2274"]
[PlyCount "135"]
[EventDate "2022.09.18"]
[EventType "team-tourn"]
[EventCountry "GER"]
[WhiteTeam "Heusenstamm SC"]
[BlackTeam "Gernsheim SK"]
[WhiteTeamCountry "GER"]
[BlackTeamCountry "GER"]

1. e4 e6 2. d4 d5 3. Nc3 Nf6 4. Bg5 dxe4 5. Nxe4 Be7 6. Bxf6 gxf6 7. Nf3 f5 8. Nc3 a6 9. a3 c5 10. d5 Bf6 11. Qd2 O-O 12. O-O-O e5 13. Qe3 Nd7 14. Kb1 b5 15. d6 e4 16. Ng1 Bd4 17. Qf4 Bxc3 18. bxc3 Qf6 19. Ne2 b4 20. axb4 cxb4 21. cxb4 a5 22. b5 a4 23. Qg3+ Kh8 24. Qc3 Ne5 25. Nf4 Bd7 26. Nh5 Qe6 27. Bc4 Qxc4 28. Qxe5+ f6 29. Nxf6 Qxb5+ 30. Qxb5 Bxb5 31. Nd5 Bc4 32. Rd4 Ra5 33. Rhd1 Rc5 34. d7 Rd8 35. Ne3 Be6 36. Rd6 Re5 37. g3 Kg7 38. c4 Kf7 39. Kc2 Ra5 40. Kc3 Ra7 41. h3 Rdxd7 42. Rxd7+ Bxd7 43. Kb2 Be6 44. Ka3 Kf6 45. Rb1 Ke5 46. Rb5+ Kd4 47. Rb6 Ke5 48. h4 Rd7 49. Rb5+ Kf6 50. Rb2 Ra7 51. c5 Bb3 52. Rb1 Ke5 53. Rc1 f4 54. gxf4+ Kxf4 55. c6 Rc7 56. Rc3 Ke5 57. Kb4 Kd6 58. Nf5+ Ke5 59. Rc5+ Kf4 60. Nd4 Kg4 61. Nb5 Rc8 62. c7 Be6 63. Nd6 Ra8 64. Re5 Bc8 65. Ka3 Ra7 66. Re7 Ra8 67. Re8 Kxh4 68. Nxc8 1-0

[Event "Oberliga Ost B"]
[Site "?"]
[Date "2023.02.26"]
[Round "9.3"]
[White "Mazurek, Robert"]
[Black "Solonar, Stefan"]
[Result "1/2-1/2"]
[WhiteElo "2232"]
[BlackElo "2267"]
[PlyCount "106"]
[EventDate "2022.09.18"]
[EventType "team-tourn"]
[EventCountry "GER"]
[WhiteTeam "Gernsheim SK"]
[BlackTeam "Heusenstamm SC"]
[WhiteTeamCountry "GER"]
[BlackTeamCountry "GER"]

1. d4 Nf6 2. c4 d6 3. Nc3 Nbd7 4. e4 e5 5. Nf3 c6 6. Be2 a6 7. O-O b5 8. d5 cxd5 9. Nxd5 Nxd5 10. cxd5 Nc5 11. Qc2 Bd7 12. b4 Na4 13. Bg5 Be7 14. Bxe7 Qxe7 15. Rac1 O-O 16. Bd3 g6 17. Qd2 Rfc8 18. Qh6 f6 19. Nh4 Rc3 20. Rxc3 Nxc3 21. Qe3 f5 22. g3 Nxe4 23. Bxe4 fxe4 24. Qxe4 Rc8 25. Qe3 Rc4 26. a3 Rd4 27. Rc1 Bh3 28. Qh6 Qf8 29. Qg5 Qe8 30. Qh6 Bd7 31. Nf3 Rxd5 32. Rc7 Qf7 33. Nd2 Rd4 34. Qg5 Qe8 35. h4 e4 36. Nf1 Rd1 37. Qe3 Qe6 38. Rxd7 Rxf1+ 39. Kxf1 Qxd7 40. Qxe4 d5 41. Qe5 Qc6 42. Ke2 Qc4+ 43. Ke3 Qc1+ 44. Kd4 Qd2+ 45. Kc5 Qxf2+ 46. Kxd5 Qa2+ 47. Kc6 Qxa3 48. Qd6 Kg7 49. Qe7+ Kg8 50. Qd8+ Kg7 51. Qd4+ Kg8 52. Kb6 h5 53. Qd6 Kf7 1/2-1/2

[Event "Oberliga Ost B"]
[Site "?"]
[Date "2023.02.26"]
[Round "9.4"]
[White "Klundt, Klaus"]
[Black "Neumann, Martin"]
[Result "1-0"]
[WhiteElo "2277"]
[BlackElo "2120"]
[PlyCount "77"]
[EventDate "2022.09.18"]
[EventType "team-tourn"]
[EventCountry "GER"]
[WhiteTeam "Heusenstamm SC"]
[BlackTeam "Gernsheim SK"]
[WhiteTeamCountry "GER"]
[BlackTeamCountry "GER"]

1. e4 e5 2. Nf3 Nc6 3. Bb5 Nf6 4. d3 d6 5. c3 g6 6. O-O Bg7 7. Nbd2 O-O 8. Re1 a6 9. Ba4 b5 10. Bc2 Re8 11. a4 b4 12. a5 Rb8 13. Ba4 Bd7 14. Nc4 bxc3 15. bxc3 d5 16. Bxc6 dxc4 17. Qa4 cxd3 18. Bg5 Re6 19. Bxf6 Bxc6 20. Bxd8 Bxa4 21. Bxc7 Rc8 22. Rxa4 Rxc7 23. Ra3 Bh6 24. Rd1 Rc4 25. Kf1 Rxe4 26. Rxd3 Rc4 27. Rb3 Kg7 28. Rd7 e4 29. Nd4 Rf6 30. Ke2 Ra4 31. Rb2 Rxa5 32. Re7 Rh5 33. h3 Bc1 34. Rbb7 e3 35. fxe3 Ra5 36. g4 Ra2+ 37. Kd3 Kf8 38. g5 Rf1 39. Rec7 1-0

[Event "Oberliga Ost B"]
[Site "?"]
[Date "2023.02.26"]
[Round "9.5"]
[White "Mueller, Maximilian"]
[Black "Roeschlau, Bernd"]
[Result "0-1"]
[WhiteElo "2319"]
[BlackElo "2189"]
[PlyCount "44"]
[EventDate "2022.09.18"]
[EventType "team-tourn"]
[EventCountry "GER"]
[WhiteTeam "Gernsheim SK"]
[BlackTeam "Heusenstamm SC"]
[WhiteTeamCountry "GER"]
[BlackTeamCountry "GER"]

1. e4 e6 2. c4 d5 3. cxd5 exd5 4. exd5 Nf6 5. Nc3 Be7 6. Nf3 O-O 7. d4 Nxd5 8. Bd3 Bf6 9. O-O Nc6 10. a3 Be6 11. Ne4 h6 12. Be3 Re8 13. Nc5 Bg4 14. Nxb7 Qb8 15. Nc5 Nxe3 16. fxe3 Rxe3 17. Be4 Qe8 18. h3 Bxf3 19. Bxf3 Nxd4 20. Bxa8 Ne2+ 21. Kh1 Rxh3+ 22. gxh3 Qxa8+ 0-1

[Event "Oberliga Ost B"]
[Site "?"]
[Date "2023.02.26"]
[Round "9.6"]
[White "Flach, Erich"]
[Black "Peterson, Emery"]
[Result "0-1"]
[WhiteElo "2085"]
[BlackElo "2175"]
[PlyCount "98"]
[EventDate "2022.09.18"]
[EventType "team-tourn"]
[EventCountry "GER"]
[WhiteTeam "Heusenstamm SC"]
[BlackTeam "Gernsheim SK"]
[WhiteTeamCountry "GER"]
[BlackTeamCountry "GER"]

1. c4 e6 2. Nc3 d5 3. d4 Nf6 4. cxd5 exd5 5. Bg5 c6 6. e3 Be7 7. Bd3 h6 8. Bh4 O-O 9. Nge2 Re8 10. O-O Nbd7 11. Rb1 a5 12. f3 b5 13. Bf2 Nb6 14. Ng3 Be6 15. h3 a4 16. b3 axb3 17. axb3 Bd6 18. Bc2 Bd7 19. Qd3 g6 20. Qd2 Qc7 21. Nge2 b4 22. Na4 Nxa4 23. bxa4 Kg7 24. Rfc1 Re7 25. Ra1 Ra5 26. Bd3 Qa7 27. Qd1 c5 28. dxc5 Bxc5 29. Nd4 Bxd4 30. exd4 Bxa4 31. Qd2 Rb7 32. Rc5 Bb5 33. Rxa5 Qxa5 34. Be1 Nh5 35. Rxd5 Qa4 36. Rxb5 Rxb5 37. Bxb5 Qxb5 38. Qxb4 Qg5 39. Bd2 Qd5 40. Qc5 Qb3 41. Qe5+ Kh7 42. Kh2 Qd3 43. Be3 Ng7 44. Bf2 Nf5 45. d5 h5 46. Be1 f6 47. Qe6 Ne3 48. Bb4 Qd4 49. Qe4 Nf1+ 0-1